000 00423nam a2200145Ia 4500
008 100122s9999 xx 000 0 und d
082 _b26544
_a824
100 _aजाधव रा ग
245 _aनिळी पहाट
260 _bप्राज्ञ पाठशाळा मंडळ
_c1978
300 _a156
630 _aनिळी पहाट
730 _aनिळी पहाट
942 _cBOOK
999 _c413005
_d413002